000 00281nam a2200109Ia 4500
008 201231s9999 xx 000 0 und d
100 _aShapira, Zur (Ed.)
245 0 _aOrganisational decision making
260 _aNew York
_bCambridge University Press
300 _a397
942 _cBK
999 _c9496
_d9496